| 000 | 00709nas a2200241 4500 | ||
|---|---|---|---|
| 001 | BR7804044 | ||
| 003 | BR-BrBNA | ||
| 005 | 20231205083501.0 | ||
| 007 | ta | ||
| 008 | 230509b bl.|||p| |||| 00| 00por d | ||
| 040 |
_aBR-BrBNA _bpor _cBiblioteca Nacional de Agricultura |
||
| 041 | _a(Pt) | ||
| 072 | _aH10 | ||
| 100 | 1 | _aCavalcante, R.D. | |
| 245 | 1 | _aDo algodoeiro a soja, o curuquere ataca tudo [Praga de planta] | |
| 650 | _aPraga de planta | ||
| 650 | _aCuruquere | ||
| 650 | _aControle quimico | ||
| 650 | _aInseticida | ||
| 773 | 0 |
_tAgricultura e Pecuaria (Brazil) _xISSN 0100-249X _g(Dec 1978), (no. 626) p. 41 _wBR7804044 |
|
| 909 |
_a202311 _bLúcia _c55 _dLúcia Elande |
||
| 942 |
_2AGRIS _n0 _cANA |
||
| 999 |
_c99105 _d99105 |
||